Vista normal Vista MARC

Entrada Materia (personas)

Número de registros utilizados en: 1

001 - CONTROL NUMBER

  • control field: 162765

003 - CONTROL NUMBER IDENTIFIER

  • control field: Co-BoUCM

005 - DATE AND TIME OF LATEST TRANSACTION

  • control field: 20211111073954.0

008 - FIXED-LENGTH DATA ELEMENTS

  • fixed length control field: 211111|| aca||aabn | a|a d

040 ## - CATALOGING SOURCE

  • Original cataloging agency: Co-BoUCM
  • Transcribing agency: Co-BoUCM

100 ## - HEADING--PERSONAL NAME

  • Personal name: Alliende G., Felipe

670 ## - SOURCE DATA FOUND

  • Source citation: Work cat.: (Co-BoUCM)49828: Alliende G., Felipe, La lectura teoría, evolución y desarrollo, 1993